Normal view
MARC view
- Kodteori
Entry Topical Term
001 - CONTROL NUMBER
- control field: 94028
003 - CONTROL NUMBER IDENTIFIER
- control field: NUST
005 - DATE AND TIME OF LATEST TRANSACTION
- control field: 20220720115426.0
008 - FIXED-LENGTH DATA ELEMENTS
- fixed length control field: 220720|| aca||aabn | a|a d
040 ## - CATALOGING SOURCE
- Original cataloging agency: NUST
- Transcribing agency: NUST
150 ## - HEADING--TOPICAL TERM
- Topical term or geographic name entry element: Kodteori
- General subdivision: till䭰ad matematik
670 ## - SOURCE DATA FOUND
- Source citation: Work cat.: (NUST)190910: Bossert, Martin 94025, Channel coding for telecommunications /, cop. 1999
